|
|
|
|
| LEADER |
00000nam0a2200000 4500 |
| 001 |
347460 |
| 005 |
20231102010012.0 |
| 010 |
|
|
|a 9785808816466
|
| 035 |
|
|
|a (RuTPU)RU\TPU\book\379375
|
| 090 |
|
|
|a 347460
|
| 100 |
|
|
|a 20220418d2021 k y0rusy50 ca
|
| 101 |
0 |
|
|a rus
|
| 102 |
|
|
|a RU
|
| 105 |
|
|
|a a z 001zy
|
| 200 |
1 |
|
|a Бортовые антенны локации и навигации с применением структур из композитных материалов
|e монография
|f А. Р. Бестугин, И. А. Киршина, М. Б. Рыжиков, А. Н. Якимов
|g Санкт-Петербургский Государственный университет аэрокосмического приборостроения ; под ред. А. Р. Бестугина
|
| 210 |
|
|
|a Санкт-Петербург
|c Изд-во ГУАП
|d 2021
|
| 215 |
|
|
|a 440 с.
|c ил.
|
| 320 |
|
|
|a Библиогр.: с. 425-437
|
| 330 |
|
|
|a Дается представление об основных композитных материалах, способах измерения и оценки их электрических параметров, позволяющих производить расчет характеристик излучения антенных систем, изготовленных с использованием композитных материалов, указаны методы и конкретные решения электродинамических задач для антенных систем, использующих композиты в своем составе. Приведены способы и физические принципы, которые лежат в основе технических реализаций композитных покрытий для защиты антенн от нагрева и разрушения при гиперзвуковых скоростях полета, а также результаты анализа, расчета и экспериментов по влиянию композитных нагревостойкнх покрытий на характеристики излучения антенных систем. Получены способы уменьшения эффективной площади рассеяния антенн, изучены конкретные технические решения с применением композитных материалов. Изучены возможности математического моделирования электромагнитной помехозащищенности антенн, с учетом влияния внешних тепловых и механических воздействии на их конструкции и характеристики излучения. Материалы получены по результатам выполнения грантов РФФИ № 17-07-0000о-а, 17-07-00024-а, 18-07-00110-а, 18-07-00111-а, 19-07-00205-а, руководителями и исполнителями которых являются члены авторского коллектива. Монография предназначена для студентов и аспирантов, обучающихся по направлению "Радиотехника" и для специалистов, занимающихся разработкой антенных систем.
|
| 606 |
1 |
|
|a Антенны летательных аппаратов
|2 stltpush
|3 (RuTPU)RU\TPU\subj\29163
|9 52555
|
| 610 |
1 |
|
|a композиционные материалы
|
| 610 |
1 |
|
|a влияние
|
| 610 |
1 |
|
|a антенны СВЧ
|
| 610 |
1 |
|
|a функционирование
|
| 610 |
1 |
|
|a построение
|
| 610 |
1 |
|
|a антенные системы
|
| 610 |
1 |
|
|a излучение
|
| 610 |
1 |
|
|a электромагнитная защита
|
| 610 |
1 |
|
|a помехозащищенность
|
| 610 |
1 |
|
|a монографии
|
| 675 |
|
|
|a 629.73.05:621.3
|v 4
|
| 701 |
|
1 |
|a Бестугин
|b А. Р.
|g Александр Роальдович
|
| 701 |
|
1 |
|a Киршина
|b И. А.
|g Ирина Анатольевна
|
| 701 |
|
1 |
|a Рыжиков
|b М. Б.
|g Максим Борисович
|
| 701 |
|
1 |
|a Якимов
|b А. Н.
|g Александр Николаевич
|
| 702 |
|
1 |
|a Бестугин
|b А. Р.
|g Александр Роальдович
|4 340
|
| 712 |
0 |
2 |
|a Санкт-Петербургский Государственный университет аэрокосмического приборостроения
|2 stltpush
|3 (RuTPU)RU\TPU\col\963
|9 23500
|
| 801 |
|
1 |
|a RU
|b 63413507
|c 20220418
|
| 801 |
|
2 |
|a RU
|b 63413507
|c 20220603
|g RCR
|
| 942 |
|
|
|c BK
|